México : imagen de la ciudad /
Reflexiones sobre distintos ámbitos de la vida cultural en la ciudad de México. Se enuncian observaciones sobre las relaciones familiares, las costumbres gastronómicas, los mercados, las fiestas religiosas, las actividades deportivas y la cultura urbana.
Guardat en:
| Autor principal: | |
|---|---|
| Format: | Llibre |
| Idioma: | espanyol |
| Publicat: |
México :
Fondo de Cultura Económica,
1974, c1974
|
| Col·lecció: | (Archivo del Fondo ;
6) |
| Matèries: | |
| Etiquetes: |
Sense etiquetes, Sigues el primer a etiquetar aquest registre!
|
MARC
| LEADER | 00000nam^a2200000^a^4500 | ||
|---|---|---|---|
| 001 | 000360392 | ||
| 005 | 20250521000000.0 | ||
| 009 | 20260526141924.762 | ||
| 037 | |a Acervo ITESO - Biblioteca | ||
| 041 | |a ESP | ||
| 082 | |a 306. 40972532 |b SUA | ||
| 100 | |a Suárez, Luis |e (autor) | ||
| 240 | 1 | 1 | |a [México: imagen de la ciudad] |
| 245 | 1 | 0 | |a México : |b imagen de la ciudad / |c L. Suárez. |
| 264 | 4 | |a México : |b Fondo de Cultura Económica, |c 1974, c1974 | |
| 300 | |a 110 p. | ||
| 336 | |a texto |b txt |2 rdacontenido | ||
| 337 | |a sin mediación |b n |2 rdamedio | ||
| 338 | |a volumen |b nc |2 rdasoporte | ||
| 440 | 1 | |a (Archivo del Fondo ; |v 6) | |
| 520 | |a Reflexiones sobre distintos ámbitos de la vida cultural en la ciudad de México. Se enuncian observaciones sobre las relaciones familiares, las costumbres gastronómicas, los mercados, las fiestas religiosas, las actividades deportivas y la cultura urbana. | ||
| 649 | |a XX | ||
| 650 | |a Mercados - |z México (Ciudad) - |x Aspectos Sociales y Culturales | ||
| 650 | |a Mercados - |z México - |x Aspectos Sociales y Culturales | ||
| 650 | |a Cocina - |z México (Ciudad) - |x Aspectos Sociales y Culturales | ||
| 650 | |a Cocina Mexicana - |x Aspectos Sociales y Culturales | ||
| 650 | |a Deportes - |z México (Ciudad) - |x Aspectos Sociales y Culturales | ||
| 650 | |a Deportes - |z México - |x Aspectos Sociales y Culturales | ||
| 650 | |a Relaciones Familiares - |z México (Ciudad) | ||
| 650 | |a Relaciones Familiares - |z México | ||
| 650 | |a Fiestas Religiosas - |z México (Ciudad) | ||
| 650 | |a Fiestas Religiosas - |z México | ||
| 650 | |a Fiestas - |z México (Ciudad) | ||
| 650 | |a Fiestas - |z México | ||
| 650 | |a Prácticas Culturales - |z México (Ciudad) - |x Tema Principal | ||
| 650 | |a Prácticas Culturales - |z México | ||
| 650 | |a Identidad Nacional - |z México (Ciudad) | ||
| 650 | |a Identidad Nacional - |z México | ||
| 650 | |a Identidad Cultural - |z México (Ciudad) | ||
| 650 | |a Identidad Cultural - |z México | ||
| 650 | |a Cultura Urbana - |z México (Ciudad) | ||
| 650 | |a Cultura Urbana - |z México | ||
| 650 | |a Sociología Urbana - |z México (Ciudad) | ||
| 650 | |a Sociología de la Cultura - |z México (Ciudad) | ||
| 910 | |a Fondo General | ||
| 920 | |a Impresos - Libros | ||
| 930 | |a Colección General | ||
| 905 | |a 101 | ||
| 901 | |a 0035420100 |b IT1 |c ACC |u 20250521 | ||
| 902 | |a https://opac.biblio.iteso.mx/vufind/Record/000360392 | ||